000
00185 a2200097 4500
020
_a
9780439871006
041
_a
spa
100
_a
Taylor-Butler, Christine
245
_a
Urano
942
_c
BK
999
_c
8143
_d
8143